000 00461nam a22001457a 4500
005 20180802161836.0
020 _a817648802X
_c795.00
035 _aB-121879, B-121878, B-121881
037 _aDPL
_bENG
245 _aPoverty alleviation in the third world /
_cedited by Sita Ram Singh
260 _aNew Delhi
_bAPH Publishing Corporation
_c2005
300 _a328p.
_c20 cms.
700 _aSingh, Sita Ram
_947741
942 _2ddc
_cEN
_h339.46
_mPOV
999 _c67040
_d67040